|
|
|
|
| LEADER |
00000nam0a2200000 4500 |
| 001 |
232346 |
| 005 |
20231101231149.0 |
| 035 |
|
|
|a (RuTPU)RU\TPU\book\253383
|
| 090 |
|
|
|a 232346
|
| 100 |
|
|
|a 20130212d2013 m y0rusy50 ca
|
| 101 |
0 |
|
|a rus
|
| 102 |
|
|
|a RU
|
| 105 |
|
|
|a a j 001zy
|
| 200 |
1 |
|
|a Инженерная подготовка территорий населенных мест
|e учебник для вузов
|f М. Г. Евтушенко, Л. В. Гуревич
|
| 210 |
|
|
|a Москва
|c Интеграл
|d 2013
|
| 215 |
|
|
|a 208 с.
|c ил.
|
| 320 |
|
|
|a Библиогр.: с. 207.
|
| 330 |
|
|
|a В учебнике рассматриваются основные вопросы инженерной подготовки и благоустройства городских территорий: организация рельефа, обеспечение поверхностного стока, вертикальная планировка улиц, площадей и микрорайонов, осушение, орошение, защита от затопления, благоустройство рек и городских водоемов, укрепление оврагов, борьба с селевыми потоками, противооползневые мероприятия и вопросы внешнего благоустройства городских территорий. Комплексное изложение этих вопросов позволяет студентам усвоить взаимосвязь между ними, понять значимость ряда инженерных задач при проектировании новых или реконструкции существующих городов и учитывать или непосредственно решать эти задачи в процессе курсового и дипломного проектирования, а также в период дальнейшей практической деятельности.Учебник для студентов обущающихся по направлениям подготовки бакалавриата и магистратуры.
|
| 606 |
1 |
|
|a Города
|x Планировка и строительство
|x Санитарно-гигиенические требования
|2 stltpush
|3 (RuTPU)RU\TPU\subj\72440
|9 85956
|
| 610 |
1 |
|
|a населенные места
|
| 610 |
1 |
|
|a территории
|
| 610 |
1 |
|
|a выбор
|
| 610 |
1 |
|
|a природные условия
|
| 610 |
1 |
|
|a вертикальная планировка
|
| 610 |
1 |
|
|a проектирование
|
| 610 |
1 |
|
|a улицы
|
| 610 |
1 |
|
|a дороги
|
| 610 |
1 |
|
|a земляные работы
|
| 610 |
1 |
|
|a объем
|
| 610 |
1 |
|
|a расчет
|
| 610 |
1 |
|
|a поверхностные стоки
|
| 610 |
1 |
|
|a организация
|
| 610 |
1 |
|
|a городские территории
|
| 610 |
1 |
|
|a осушение
|
| 610 |
1 |
|
|a реки
|
| 610 |
1 |
|
|a городские водоемы
|
| 610 |
1 |
|
|a береговая полоса
|
| 610 |
1 |
|
|a благоустройство
|
| 610 |
1 |
|
|a инженерная подготовка
|
| 610 |
1 |
|
|a учебники
|
| 675 |
|
|
|a 711.4(075.8)
|v 3
|
| 700 |
|
1 |
|a Евтушенко
|b М. Г.
|g Михаил Григорьевич
|
| 701 |
|
1 |
|a Гуревич
|b Л. В.
|g Леонид Владимирович
|
| 801 |
|
1 |
|a RU
|b 63413507
|c 20130212
|
| 801 |
|
2 |
|a RU
|b 63413507
|c 20150710
|g RCR
|
| 942 |
|
|
|c BK
|
| 959 |
|
|
|a 32/20130212
|d 2
|e 680,00
|f ЧЗТЛ:1
|f АНЛ:1
|